| 000 | 00761nam a22001577a 4500 | ||
|---|---|---|---|
| 005 | 20250808090926.0 | ||
| 008 | 250808b |||||||| |||| 00| 0 eng d | ||
| 050 |
_aTHE LB 2806.36 .K56 2015 _bC.1 |
||
| 100 | _aKiogora, Patrick Stephen | ||
| 245 | _aImpact of Information and Communication Technology Adoption on Management Functions in Some Selected Secondary Schools in Imenti South Sub-County, Kenya | ||
| 260 |
_aKisii _bKisii University _c2015 |
||
| 300 | _axiv, 80p.:ill. | ||
| 500 | _aIncludes bibliographical references | ||
| 650 | _a1. Educational technology—Kenya. 2. School management and organization—Kenya. 3. Education—Effect of technological innovations—Kenya. 4. Public schools—Kenya—Imenti South Sub-County. | ||
| 942 |
_2lcc _cREF |
||
| 999 |
_c216000 _d216000 |
||